000 01301naa a22003617a 4500
001 BR5900039
003 BR-BrBNA
005 20240918172842.0
007 ta
008 230509b bl.||||| |||| 00| 0 por d
040 _aBR-BrBNA
_bpor
_cBiblioteca Nacional de Agricultura
041 _a(Pt)
072 _aE10; Q10
_b9400
_b9700
_b9800
_b0600
_b9310
_bG514
090 _aE10 BR5900039
100 1 _aOliveira, A.B. de
111 1 _aSeminario para o Desenvolvimento do Nordeste
_cGaranhuns, PE (Brazil)
_d25 Apr 1959
245 1 _aDesenvolvimento das industrias de produtos alimentares [Leite; Carne; Peixe; Fruticultura; Farinha; Nordeste; Brasil]
260 3 _aRio de Janeiro, GB (Brasil):
_c1959.
500 _aAnais do Seminario para o Desenvolvimento do Nordeste Rio de Janeiro, GB (Brasil): 1959. p. 131-148 (BR5900039-AM)E10
650 _aMacroeconomia
650 _aTecnologia de alimento
650 _aLeite
650 _aCarne
650 _aPeixe
650 _aFruta
650 _aFarinha
650 _aIndustria alimenticia
650 _aLaticinio
650 _aNordeste
773 0 _tAnais do Seminario para o Desenvolvimento do Nordeste
_b
_wE10 BR5900039
_gRio de Janeiro, GB (Brasil), 1959. p. 131-148
909 _a202404
_bLucia
_c55
_dLucia Elande
942 _cAM
_2AGRIS
999 _c301736
_d301736